00713nam a2200205 a 45000010005000000030009000050080041000140400028000550820014000831000019000972450072001162600030001883000010002186500033002286500036002616500021002979420012003189990017003309520160003471181CO-ViMGA141112s2004 ck r 000 u spa d aCO-ViMGAbspacCO-ViMGA04a463.1 A311 aAda, Alma Flor10aDomina la ortografía / cAda Alma Flor , Moreno Sonia del Carmen  aMexico : bSitesa, c1987 a154 p14aESPAÑOL - ORTOGRAFIA9548614aMoreno, Sonia del Carmen94929314aORTOGRAFIA96186 2ddccBK c13403d13403 00102ddc40708003aMEVIECARbMEVIECARd2015-12-04hVolumen. 1 | 11/jun/2009l1o463.1 A31 p1181r2017-04-17 00:00:00s2017-04-06tEj. 1w2015-12-04yBK